| 000 | 00574nam a22001577a 4500 | ||
|---|---|---|---|
| 020 | _qHard Cover. | ||
| 082 | _a620.005 | ||
| 100 | _aMuhammad Awais Malik | ||
| 245 |
_aEFFECTIVENESS OF KNOWLEDGE MANGMENT IN IMPROVING THE LEARNING PROCES IN HIGHER EDUCATON INSTITIUTIONS OF PAKSITAN / _cMuhammad Awais Malik |
||
| 260 |
_aIslamabad : _bCEME - NUST, _c2012. |
||
| 300 |
_avii, 88 p. : ill. ; _c30cm. |
||
| 650 |
_aEngineering Management-MS-Thesis _916065 |
||
| 700 |
_aDr.Shafqat Hameed _929330 |
||
| 942 |
_2ddc _cTHE |
||
| 999 |
_c540473 _d540473 |
||